000 aam a22 a 4500
999 _c3097
_d3097
003 AKMAL
005 20170519112256.0
008 170519s19851978us a 00 eng d
020 _a0201044986
_cCIP entry
082 0 4 _a658.3124 LAI
_219
090 0 0 _a658.3124
_bLAI
100 1 _aLaird, Dugan
_96424
245 1 0 _aApproaches to training and development /
_cDugan Laird
250 _a2nd ed
260 _aReading, Mass. :
_bAddison-Wesley Pub. Co.,
_c1985
300 0 0 _a315p. :
_bill. ;
_c24cm
500 _aIncludes index
504 _aBibliography: p.302-306
504 _aBibliography: p.302-306
650 0 _aEmployees
_xTraining of
_93413
942 _2ddc
_cBOOK